Les Basiliques d'Assise (Record no. 49111)

MARC details
000 -LEADER
fixed length control field 00530nam a2200145 a 4500
008 - FIXED-LENGTH DATA ELEMENTS--GENERAL INFORMATION
fixed length control field 120416s1960 ||||||||||||||||| || u
050 ## - LIBRARY OF CONGRESS CALL NUMBER
Classification number NA 5621.A88 For
100 ## - MAIN ENTRY--PERSONAL NAME
Personal name Formaggio, Dino
245 10 - TITLE STATEMENT
Title Les Basiliques d'Assise
246 ## - VARYING FORM OF TITLE
Title proper/short title the Basilicas of Assisi
260 ## - PUBLICATION, DISTRIBUTION, ETC.
Place of publication, distribution, etc. Novara
Name of publisher, distributor, etc. Instituto Geografico de Agostini
Date of publication, distribution, etc. 1960
300 ## - PHYSICAL DESCRIPTION
Extent 164p. : ill.
350 ## - PRICE (NR) (BK AM CF MU VM SE) [OBSOLETE]
Price 0.00
995 ## - RECOMMENDATION 995 [LOCAL, UNIMARC FRANCE]
-- 0.00
-- CBU-MAIN LIBRARY (Kitwe)
-- 1
-- 0.00
-- 1
-- AVAILABLE
-- Annex Low-Usage Collection
Holdings
Withdrawn status Lost status Source of classification or shelving scheme Damaged status Not for loan Home library Current library Shelving location Date acquired Total Checkouts Full call number Barcode Date last seen Price effective from Koha item type
          CBU-MAIN LIBRARY, KITWE. CBU-MAIN LIBRARY, KITWE.   11/30/2022   NA 5621.A88 For 009872 11/30/2022 11/30/2022 MONOGRAPH